[Event "BCF-chT3E 2224 (4NCL)"]
[Site "England"]
[Date "2024.01.14"]
[Round "4.15"]
[White "Morrison, Joseph"]
[Black "Hatchett, Paul"]
[Result "1-0"]
[WhiteElo "1869"]
[BlackElo "1930"]
[PlyCount "61"]
[EventDate "2023.11.11"]
[EventType "team-tourn"]
[EventRounds "11"]
[EventCountry "ENG"]
[SourceTitle "CB11_2024"]
[SourceDate "2024.03.13"]
[SourceVersion "1"]
[SourceVersionDate "2024.03.13"]
[SourceQuality "1"]
[WhiteTeam "Surbiton"]
[BlackTeam "Rhyfelwyr Essyllwg"]
[WhiteTeamCountry "ENG"]
[BlackTeamCountry "ENG"]

1. c4 Nf6 2. Nc3 g6 3. g3 Bg7 4. Bg2 0-0 5. d4 d6 6. e4 Nc6 7. Nge2 Nd7 8. 0-0 e5 9. Be3 exd4 10. Nxd4 Nde5 11. Nxc6 bxc6 12. Qa4 c5 13. b3 Bd7 14. Qa3 Bc6 15. Rad1 Ng4 16. Qc1 Nxe3 17. Qxe3 Bd4 18. Qc1 a5 19. Nb5 Bg7 20. a4 Re8 21. Rfe1 Bxb5 22. cxb5 Ra7 23. Qc4 Qf6 24. f4 Qc3 25. e5 Qb4 26. Qxb4 axb4 27. exd6 Rxe1+ 28. Rxe1 Bd4+ 29. Kf1 cxd6 30. Re8+ Kg7 31. b6 1-0

[Event "Stokes Cup"]
[Site "Cardiff"]
[Date "2022.07.19"]
[Round "2.1"]
[White "Morrison, Joseph"]
[Black "Kong, Emma Zihan"]
[Result "1-0"]
[WhiteElo "1376"]
[BlackElo "1220"]
[PlyCount "59"]
[EventDate "2022.07.19"]
[EventType "team-tourn"]
[EventRounds "6"]
[EventCountry "WLS"]
[SourceTitle "CBM 210 Extra"]
[Source "ChessBase"]
[SourceDate "2022.11.30"]
[SourceVersion "1"]
[SourceVersionDate "2022.11.30"]
[SourceQuality "1"]
[WhiteTeam "England"]
[BlackTeam "Wales"]
[WhiteTeamCountry "ENG"]
[BlackTeamCountry "WLS"]

1. c4 e5 2. Nc3 Nc6 3. g3 Nf6 4. Bg2 Bc5 5. e3 a6 6. Nge2 d6 7. 0-0 0-0 8. a3 a5 9. d4 exd4 10. exd4 Bb6 11. Bg5 h6 12. Bxf6 Qxf6 13. Nd5 Qd8 14. Nxb6 cxb6 15. Qd2 Re8 16. Rfe1 Bf5 17. Nf4 Qg5 18. h4 Qf6 19. Rad1 Rxe1+ 20. Qxe1 Nxd4 21. Qe3 Nc6 22. Qxb6 Bd7 23. Qxb7 Ra7 24. Qb6 Qd8 25. Qxd8+ Nxd8 26. Rxd6 Ne6 27. Nxe6 Bxe6 28. c5 Kh7 29. Be4+ Kg8 30. Rd8# 1-0

[Event "EU-ch Schools U13"]
[Site "Rhodes"]
[Date "2022.04.27"]
[Round "7"]
[White "Dasgupta, Avyukt"]
[Black "Morrison, Joseph"]
[Result "1-0"]
[WhiteElo "1748"]
[BlackElo "1328"]
[PlyCount "51"]
[EventDate "2022.04.21"]
[EventType "swiss"]
[EventRounds "9"]
[EventCountry "GRE"]
[SourceTitle "CBM 208 Extra"]
[Source "ChessBase"]
[SourceDate "2022.07.31"]
[SourceVersion "1"]
[SourceVersionDate "2022.07.31"]
[SourceQuality "1"]

1. d4 Nf6 2. Bf4 g6 3. e3 Bg7 4. Nf3 0-0 5. h3 d6 6. Be2 Nbd7 7. 0-0 Re8 8. c4 c5 9. Nc3 cxd4 10. exd4 a6 11. Re1 d5 12. cxd5 Nb6 13. d6 exd6 14. Bd3 Rxe1+ 15. Qxe1 d5 16. Qe2 Be6 17. Re1 h6 18. Bxg6 fxg6 19. Qxe6+ Kh7 20. Qf7 Nc8 21. Nh4 g5 22. Qg6+ Kh8 23. Nf5 Qf8 24. Nxd5 Nxd5 25. Re8 Nxf4 26. Qxg7# 1-0

[Event "EU-ch Schools U13"]
[Site "Rhodes"]
[Date "2022.04.24"]
[Round "4"]
[White "Morrison, Joseph"]
[Black "Hasanli, Ziya"]
[Result "0-1"]
[WhiteElo "1328"]
[BlackElo "1555"]
[PlyCount "50"]
[EventDate "2022.04.21"]
[EventType "swiss"]
[EventRounds "9"]
[EventCountry "GRE"]
[SourceTitle "CBM 208 Extra"]
[Source "ChessBase"]
[SourceDate "2022.07.31"]
[SourceVersion "1"]
[SourceVersionDate "2022.07.31"]
[SourceQuality "1"]

1. c4 Nf6 2. Nc3 e5 3. g3 Bb4 4. Bg2 Nc6 5. d3 0-0 6. a3 Bxc3+ 7. bxc3 d6 8. Nf3 Be6 9. Rb1 Rb8 10. 0-0 Qd7 11. Ng5 h6 12. Nxe6 fxe6 13. f4 exf4 14. Bxf4 e5 15. Bd2 Nd8 16. e3 Ne6 17. d4 c5 18. Bh3 Qe7 19. Qa4 Ne4 20. Bxe6+ Qxe6 21. Rxf8+ Rxf8 22. Qc2 Qf5 23. Rd1 Qf2+ 24. Kh1 Qf3+ 25. Kg1 Nf2 0-1